Conceptos y categorías: ensayos filosóficos

Salvato in:
Dettagli Bibliografici
Autore principale: Berlin, Isaiah (Autore)
Natura: Libro
Lingua:spagnolo
Pubblicazione: Ciudad de México Fondo de Cultura Económica 1992
Serie:Sección de Obras Filosóficas
Soggetti:
Tags: Aggiungi Tag
Nessun Tag, puoi essere il primo ad aggiungerne!!

MARC

LEADER 00000nam a2200000 a 4500
001 UCY2486
003 CL-VaPUC
008 941028e19920000MX |||||||||||||||||spa|d
082 0 4 |a 192  |b BER  |2 21 
100 |a Berlin, Isaiah  |e author  |9 581668 
245 1 0 |a Conceptos y categorías: ensayos filosóficos 
300 |a 323 p 
942 |c BK 
945 |d 19941028 00:00:00  |a aalvarez 
260 |a Ciudad de México  |b Fondo de Cultura Económica  |c 1992 
650 0 |a Filosofía inglesa  |9 255676 
650 0 |a Valores (Filosofía)  |9 256541 
650 0 |a Igualdad  |9 258477 
583 |a last modification  |c 19941028 00:00:00  |k Rodrigo Vera 
490 0 |a Sección de Obras Filosóficas 
999 |c 230884  |d 230882 
952 |0 0  |1 0  |4 0  |6 192_000000000000000_BER_1992  |7 0  |8 A  |9 233505  |a BIBEDU  |b BIBEDU  |d 2019-11-15  |i 3030830  |o 192 BER 1992  |p 3030830  |r 2019-11-15  |w 2019-11-15  |y BK  |k FIL